000 00495nam a2200145 4500
999 _c15992
_d15992
008 210204b ||||| |||| 00| 0 eng d
022 _a0732-8435
082 _aDPer 657.05 C33 Feb - Aug 2012, v. 82
100 _aBarry, Joanne S.
_942861
245 _aA government affairs program that works for you/
_cJoanne S. Barry.
260 _aNew York:
_bThe New York State Society of CPA,
_c©2012.
300 _av82 n6, page 7:
_c28 cm.
650 _aPersonnel
_xManagement.
_942889
942 _2ddc
_cPER